000 00373 a2200169 4500
001 191536
020 _a978-85-16-06397-9
040 _cMagnum
100 _aTorero, José Roberto
240 1 0 _aO diário do lelê
_lpor
245 1 0 _aO diário do lelê
300 _a159
362 0 _a2009
440 1 _aModerna
697 _aLITERATURA INFANTO-JUVENIL
942 _cBK
999 _c191536
_d191536